| 000 | 01232aaa a2200253 a 4500 | ||
|---|---|---|---|
| 001 | 78608 | ||
| 003 | BD-RjUL | ||
| 005 | 20211209083140.0 | ||
| 008 | 211019s19661386sa ||||| |||| 00| 0 ara d | ||
| 035 | _a(BD-RjUL)78834 | ||
| 040 |
_aBD-RjUL _beng _cBD-RjUL |
||
| 041 | _aara | ||
| 082 |
_a892.70992870905 _bHEU 1966 |
||
| 100 | 1 | 0 |
_aهلالي، عبد الرزاق.;; Helali, Abdel-Razzaq. _9249193 |
| 245 | 1 | 0 |
_aادباء المؤتمر ;; Udabāʼ al-muʼtamar / _c جمع مواد الكتاب ومسق معلوماته عبد الرزاق الهلالي ;; jame mawadi alkutaab wamasq maelumatih abd alrazaaq alhilali |
| 260 |
_a، Baghdād : _b Wزارة الثقافة والارشاد، مديرية الثقافة العامةizārat al-Thaqāfah wa-al-Irshād, Mudīrīyat al-Thaqāfah al-ʻĀmmah, _c1966 |
||
| 300 |
_a206 p. : _bill. ; _c23 cm |
||
| 490 |
_aسلسلة الكتاب الحديثه ; Silsilat al-kutub al-ḥadīthah, 12. _v ١٢ |
||
| 650 |
_aAuthors _zArab. _9249194 |
||
| 650 |
_aArabic literature _vBio-bibliography. _9249195 |
||
| 650 |
_aArabic literature. _9249196 |
||
| 830 |
_aسلسلة الكتاب الحديثه ; Silsilat al-kutub al-ḥadīthah, 12. _v ١٢ _9249103 |
||
| 942 |
_2ddc _cBK |
||
| 999 |
_c78608 _d78608 |
||